Open Data Biblioteca Nacional de Portugal


República Portuguesa: Ministério da Cultura
Biblioteca Nacional de Portugal

Catálogo da BNP: acesso por Identificadores Unívocos
Registos Bibliográficos associados ao registo de autoridade

Etiqueta de registo: 01291ndm 2200325 450
001 1374859
003 http://id.bnportugal.gov.pt/bib/catbnp/1374859
100 ## $a20060704f18701900k y0pory0103 ba
101 0# $aita
102 ## $aPT
200 1# $aSinfonia nel Opera Guarani$bMúsica manuscrita ]
210 #1 $d[Entre 1870 e 1900]
215 ## $a1 parte ([2] f.)$d211x293 mm
300 ## $aApenas a parte de harpa
317 ## $aProv.: I.P.P.C., Fundo do Conde de Redondo, F.C.R. ms sem cota$5PTBN: F.C.R. 382
500 10 $a Il Guarany$iAbertura
606 ## $aÓperas$zSéc. 19$j[Música manuscrita]$2SIPOR$31159337
675 ## $a78.089.6$vBN$zpor$3536969
675 ## $a782$vBN$zpor$3291551
700 #1 $aGomes,$bCarlos,$f1836-1896$335186
701 #1 $aScalvini,$bAntonio,$f1835-1881$4480$3883637
701 #1 $aD'Ormeville,$bCarlo,$f1840-1924$4480$394004
712 01 $aPortugal.$bInstituto Português do Património Cultural.$bDepartamento de Musicologia$4390$3285717
801 #0 $aPT$bBN$gRPC
856 40 $uhttps://purl.pt/45794
856 41 $uhttps://purl.pt/45794/service/media/cover/low
856 49 $uhttps://purl.pt/45794/service/media/pdf$qapplication/pdf
958 ## $aBND$bLivre$cDigitalizado$d1$ehttps://purl.pt/45794/service/media/cover/max
966 ## $lBN$mMUSICA$sF.C.R. 382 $x6
995 ## $aPRR2022 $d20231115$idfontes$zBND

Etiqueta de registo: 00557cam 2200193 450
001 553197
003 http://id.bnportugal.gov.pt/bib/catbnp/553197
100 ## $a19950802d1880 m y0pory01030103ba
101 0# $apor$aita
102 ## $aPT
105 ## $ay z 000iy
106 ## $ar
200 1# $a O guarany$eopera em 4 actos$fmusica do maestro brasileiro António Carlos Gomes
210 #9 $aLisboa$cTyp. de Costa Sanches,$d1880
215 ## $a85 p.$d20 cm
300 ## $aPersonagens: D. Antonio de Mariz, Cecilia, Pery, D. Alvaro, Gonzales, Ruy-Bento, Alonso, cacique, Pedro
304 ## $aEd. bilingue em italiano e português
317 ## $aConservatório Nacional$5PTBN: C.N. 788 P.-C.N. 789 P.
500 10 $a Il Guarany.$nLibreto
606 ## $aÓperas$j[Libretos]$2SIPOR$31158641
675 ## $a78.089.1$vBN$zpor$3506605
675 ## $a82-293$vBN$zpor$3488282
700 #1 $aScalvini,$bAntonio,$f1835-1881$3883637
701 #1 $aD'Ormeville,$bCarlo,$f1840-1924$4070$394004
701 #1 $aGomes,$bCarlos,$f1836-1896$4230$335186
712 02 $aTipografia de Costa Sanches$c(Lisboa)$4610$31290550
712 01 $aPortugal.$bConservatório Nacional.$bEscola de Música$4390$31172174
801 #0 $aPT$bBN$gRPC
966 ## $lBN$mFGMON$sL. 2163//12 A. $x0
966 ## $lBN$mFGMON$sL. 2165//5 A. $x0
966 ## $lBN$mFGMON$sL. 46633 P.
966 ## $lBN$mMUSICA$pConservatório Nacional$sC.N. 788 P. $x7
966 ## $lBN$mMUSICA$pConservatório Nacional$sC.N. 789 P. $x7
976 ## $d20260424$rjamaral
997 ## $aBIBEOD

Etiqueta de registo: 00557nam 2200193 450
001 2285603
003 http://id.bnportugal.gov.pt/bib/catbnp/2285603
100 ## $a20260430d1896 m y0pory01030103ba
101 0# $apor
102 ## $aBR
105 ## $ay z 000iy
106 ## $ar
200 1# $a O guarany$eopera em 4 actos$fCarlos Gomes$gcom um pequeno proemio por Francisco Pacheco
210 #9 $aPará, Brazil$cAlfredo Silva,$d1896
215 ## $aXIX, 40, [8] p.$d14 cm
300 ## $aPersonagens: D. Antonio de Mariz, Cecilia, Pery, D. Alvaro, Gonzales, Ruy-Bento, Alonso, cacique, Pedro
316 ## $aDedicatória ms. do prefaciador "À ilustre redação do jornal «O Anfion»"$5PTBN: C.N. 817 P.
317 ## $aConservatório Nacional$5PTBN: C.N. 817 P.
500 10 $a Il Guarany.$nLibreto
606 ## $aÓperas$x[Argumentos]$2SIPOR$31273101
675 ## $a78.089.1$vBN$zpor$3506605
675 ## $a82-293$vBN$zpor$3488282
700 #1 $aScalvini,$bAntonio,$f1835-1881$3883637
701 #1 $aD'Ormeville,$bCarlo,$f1840-1924$4070$394004
701 #1 $aGomes,$bCarlos,$f1836-1896$4230$335186
702 #1 $aPaxeco,$bFran,$f1874-1952$4080$360891
712 01 $aPortugal.$bConservatório Nacional.$bEscola de Música$4390$31172174
801 #0 $aPT$bBN$gRPC
966 ## $lBN$mMUSICA$pConservatório Nacional$sC.N. 817 P. $x7
971 ## $cjamaral$d20260430
997 ## $aBIBEOD

OpendataBNP@bnportugal.pt | Mais informação sobre acesso aos dados BNP